[Event "US op 124th"]
[Site "Norfolk"]
[Date "2024.07.31"]
[Round "5"]
[White "Lim, Hayul"]
[Black "Revellon, Lucas"]
[Result "1-0"]
[WhiteElo "1744"]
[BlackElo "1823"]
[PlyCount "119"]
[EventDate "2024.07.27"]
[EventType "swiss"]
[EventRounds "9"]
[EventCountry "USA"]
[SourceTitle "EXT 2025"]
[Source "ChessBase"]
[SourceDate "2024.10.14"]
[SourceVersion "1"]
[SourceVersionDate "2024.10.14"]
[SourceQuality "1"]

1. Nf3 d5 2. e3 Bf5 3. c4 e6 4. Qb3 Nc6 5. cxd5 Qxd5 6. Qxb7 Rb8 7. Qa6 Nb4 8. Qa4+ c6 9. Na3 Nd3+ 10. Bxd3 Bxd3 11. Nb1 Bd6 12. Nc3 Qc4 13. Qxc4 Bxc4 14. d4 Ne7 15. b3 Ba6 16. Bb2 Nd5 17. Nxd5 cxd5 18. Rc1 Bb4+ 19. Kd1 f6 20. Rc7 0-0 21. Rxa7 Rb6 22. a3 Bd6 23. b4 Bb8 24. Ra8 Rc8 25. Kd2 Kf7 26. Rc1 Rc4 27. Rxc4 dxc4 28. Kc3 Ke7 29. Nd2 Bxh2 30. Ra7+ Kf8 31. g3 Bg1 32. Ne4 Bb7 33. Nc5 Bc6 34. Kxc4 Bb5+ 35. Kc3 Bxf2 36. a4 Be1+ 37. Kb3 Bc6 38. Bc3 Bxg3 39. Nxe6+ Ke8 40. Nxg7+ Kd8 41. Ne6+ Kc8 42. Nf4 Rb7 43. Rxb7 Kxb7 44. b5 Be8 45. d5 f5 46. Bf6 Bf2 47. Ng2 Bh5 48. Bh4 Bf3 49. Bxf2 Bxd5+ 50. Kb4 Bxg2 51. Kc5 h5 52. a5 Bf3 53. Bh4 Be4 54. a6+ Ka7 55. Bd8 Bd3 56. Kb4 Kb8 57. Ka5 Kc8 58. Bh4 Be4 59. b6 Kb8 60. b7 1-0